Wavelets: mathematics and applications
Wedi'i Gadw mewn:
| Prif Awduron: | , |
|---|---|
| Fformat: | Llyfr |
| Iaith: | Saesneg |
| Cyhoeddwyd: |
Boca Ratón
CRC
1994
|
| Pynciau: | |
| Tagiau: |
Ychwanegu Tag
Dim Tagiau, Byddwch y cyntaf i dagio'r cofnod hwn!
|
MARC
| LEADER | 00000nam a2200000 a 4500 | ||
|---|---|---|---|
| 001 | UCY5231 | ||
| 003 | CL-VaPUC | ||
| 008 | 950419e19940000US |||||||||||||||||eng|d | ||
| 082 | 0 | 4 | |a 515.2433 |b BEN |2 21 |
| 100 | 0 | |a Benedetto, John J |e author |9 333901 | |
| 700 | 0 | |a Frazier, Michael W |e author |9 333902 | |
| 245 | 1 | 0 | |a Wavelets: mathematics and applications |
| 300 | |a 575 p | ||
| 942 | |c BK | ||
| 945 | |d 19950419 00:00:00 |a mfernand | ||
| 260 | |a Boca Ratón |b CRC |c 1994 | ||
| 650 | 7 | |a ONDA PEQUEÑA |2 CL-VaPUC |9 333903 | |
| 650 | 0 | |a Matemática |9 260235 | |
| 583 | |a last modification |c 19950419 00:00:00 |k Rodrigo Vera | ||
| 999 | |c 232931 |d 232929 | ||
| 952 | |0 0 |1 0 |4 0 |6 515_243300000000000_BEN_1994 |7 0 |8 A |9 237940 |a BIBMAT |b BIBMAT |d 2019-11-18 |i 3078302 |o 515.2433 BEN 1994 |p 3078302 |r 2025-01-07 |w 2019-11-18 |y BK |k MAT | ||